Les ministres des Affaires étrangères de la Ve République - Statistiques

Statistiques générales
  • Ce quiz a été pris 262 fois
  • Le résultat moyen est 12 sur 27
Statistiques - réponses
Intitulé du Ministère Début de fonction Fin de fonction Ministre % Correct
Ministre de l'Europe et des Affaires étrangères 17 mai 2017 20 mai 2022 Jean-Yves Le Drian
90%
Ministre des Affaires étrangères, de la Coopération et de la Francophonie 7 mai 2002 17 juin 2002 Dominique de Villepin
86%
Ministre des Affaires étrangères 17 juin 2002 30 mars 2004 Dominique de Villepin
86%
Ministre de l'Europe et des Affaires étrangères 20 mai 2022 En cours Catherine Colonna
71%
Ministre des Affaires étrangères 16 mai 2012 31 mars 2014 Laurent Fabius
71%
Ministre des Affaires étrangères et du développement international 2 avril 2014 11 février 2016 Laurent Fabius
71%
Ministre des Affaires étrangères 30 mars 1993 18 mai 1995 Alain Juppé
68%
Ministre d'État, Ministre des Affaires étrangères et européennes 27 février 2011 10 mai 2012 Alain Juppé
68%
Ministre des Affaires étrangères et du développement international 11 février 2016 15 mai 2017 Jean-Marc Ayrault
57%
Ministre des Affaires étrangères 8 janvier 1959 31 mai 1968 Maurice Couve de Murville
56%
Ministre d'État, Ministre des Affaires étrangères et européennes 14 novembre 2010 27 février 2011 Michèle Alliot-Marie
55%
Ministre des Affaires étrangères 4 juin 1997 7 mai 2002 Hubert Védrine
52%
Ministre des Affaires étrangères 31 mai 1968 20 juin 1969 Michel Debré
49%
Ministre des Affaires étrangères et européennes 17 mai 2007 13 novembre 2010 Bernard Kouchner
46%
Ministre des Relations extérieures 7 décembre 1984 20 mars 1986 Roland Dumas
41%
Ministre d’État, ministre des Affaires étrangères 12 mai 1988 30 mars 1993 Roland Dumas
41%
Ministre des Affaires étrangères 2 juin 2005 15 mai 2007 Philippe Douste-Blazy
37%
Ministre des Affaires étrangères 31 mars 2004 31 mai 2005 Michel Barnier
31%
Ministre des Relations extérieures 22 mai 1981 7 décembre 1984 Claude Cheysson
21%
Ministre des Affaires étrangères 18 mai 1995 4 juin 1997 Hervé de Charette
19%
Ministre des Affaires étrangères 29 novembre 1978 22 mai 1981 Jean François-Poncet
15%
Ministre des Affaires étrangères 22 juin 1969 15 mars 1973 Maurice Schumann
15%
Ministre des Affaires étrangères 5 avril 1973 28 mai 1974 Michel Jobert
13%
Ministre des Affaires étrangères 20 mars 1986 12 mai 1988 Jean-Bernard Raimond
12%
Ministre des Affaires étrangères 28 mai 1974 27 juillet 1976 Jean Sauvagnargues
12%
Ministre des Affaires étrangères 15 mars 1973 2 avril 1973 André Bettencourt
10%
Ministre des Affaires étrangères 27 août 1976 29 novembre 1978 Louis de Guiringaud
10%
Aucun quiz correspondant
Distribution des résultats
% des personnes avec chaque résultat
Percentile par nombre de réponses
Votre historique - résultats
Vous n’avez pas pris ce quiz